00283nam a2200097Ia 4500008004100000100003500041245005900076260001400135500002400149650001200173230524s9999 xx 000 0 und d aKogent Learning Solutions Inc. 0aJava Server Programming Java EE6 (J2EE 1.6) Black Book bDreamtech aQuantity Number: 2 aComp-Sc